Curs bàsic sobre la defensa dels consumidors en l'àmbit local
Publicado:
Barcelona :
Diputació de Barcelona. Servei de Salut Pública i Consum : Xarxa Local de Consum ,
2007
Descripción Física:
127 p. ; 29 cm
MARC
| LEADER | 00000nam a2200000Ia 4500 | ||
|---|---|---|---|
| 001 | 21110 | ||
| 008 | 160829s2007 xx 000 0 cat d | ||
| 080 | |a M-6-130 | ||
| 245 | |a Curs bàsic sobre la defensa dels consumidors en l'àmbit local | ||
| 250 | |a 4a ed. | ||
| 260 | |a Barcelona : |b Diputació de Barcelona. Servei de Salut Pública i Consum : |b Xarxa Local de Consum, |c 2007 | ||
| 300 | |a 127 p. ; |c 29 cm | ||
| 650 | |a Consumidors |x Protecció |x Catalunya |9 22614 | ||
| 650 | |a Dret municipal |x Catalunya |9 22171 | ||
| 710 | |a Barcelona (Catalunya : Província). |b Servei de Salut Pública i Consum |9 8151 | ||
| 710 | 1 | |a Barcelona (Catalunya : Província). |b Xarxa Local de Consum |9 52772 | |
| 901 | |a Arxiu | ||
| 942 | |n 1 | ||
| 952 | |0 0 |1 0 |4 0 |6 M6130 |7 1 |9 51196 |a Arxiu |b Arxiu |d 2016-12-01 |l 0 |o M-6-130 |p 21110 |r 2016-12-01 00:00:00 |w 2016-12-01 |y ARXIU | ||
| 999 | |c 55039 |d 55039 | ||